| Tag |
First Indicator |
Second Indicator |
Subfields |
| LEADER |
00000cam a2200000 i 4500 |
| 001 |
in00003538136 |
| 005 |
20211120172956.0 |
| 006 |
m o d f |
| 007 |
cr bn||||||||| |
| 008 |
150318s1998 dcuab ob f000 0 eng c |
| 035 |
|
|
|a (OCoLC)ocn905098096
|
| 042 |
|
|
|a pcc
|
| 043 |
|
|
|a n-us---
|
| 040 |
|
|
|a GPO
|b eng
|e rda
|e pn
|c GPO
|d OCLCF
|d LWA
|d UOK
|d GPO
|d MvI
|
| 049 |
|
|
|a WWW
|
| 074 |
|
|
|a 0648 (online)
|
| 086 |
0 |
|
|a I 29.2:L 23/11/NO.7
|
| 245 |
0 |
0 |
|a Pollen, phytolith, and macroflora analyses.
|
| 264 |
|
1 |
|a [Washington, D.C.] :
|b U.S. Department of the Interior, National Park Service, Cultural Resources, Park Historic Structures & Cultural Landscapes,
|c [1998?]
|
| 300 |
|
|
|a 1 online resource (11 pages) :
|b illustrations, map.
|
| 336 |
|
|
|a text
|b txt
|2 rdacontent
|
| 337 |
|
|
|a computer
|b c
|2 rdamedia
|
| 338 |
|
|
|a online resource
|b cr
|2 rdacarrier
|
| 490 |
1 |
|
|a Landscape lines ;
|v 7
|
| 500 |
|
|
|a Title from title screen (viewed on Mar. 17, 2015).
|
| 504 |
|
|
|a Includes bibliographical references (pages 7-11).
|
| 650 |
|
0 |
|a Landscape architectural projects
|z United States.
|
| 650 |
|
0 |
|a Landscape protection
|z United States.
|
| 650 |
|
0 |
|a Plants
|x Analysis.
|
| 650 |
|
7 |
|a Landscape architectural projects.
|2 fast
|0 (OCoLC)fst00991810
|
| 650 |
|
7 |
|a Landscape protection.
|2 fast
|0 (OCoLC)fst00992049
|
| 650 |
|
7 |
|a Plants
|x Analysis.
|2 fast
|0 (OCoLC)fst01065831
|
| 651 |
|
7 |
|a United States.
|2 fast
|0 (OCoLC)fst01204155
|
| 710 |
2 |
|
|a Park Historic Structures and Cultural Landscapes Program (U.S.),
|e issuing body.
|
| 776 |
0 |
8 |
|i Print version:
|t Pollen, phytolith, and macroflora analyses
|w (OCoLC)1047609520
|
| 830 |
|
0 |
|a Landscape lines (Washington, D.C. : Series) ;
|v 7.
|
| 856 |
4 |
0 |
|u https://purl.fdlp.gov/GPO/gpo53996
|t 0
|
| 999 |
f |
f |
|s 3464313b-3ccc-35b8-801c-ceba7af00f4a
|i 4315856e-d90a-3d92-9590-613f2f59114e
|t 0
|
| 952 |
f |
f |
|a Texas A&M University
|b College Station
|c Electronic Resources
|d Available Online
|t 0
|e I 29.2:L 23/11/NO.7
|h Superintendent of Documents classification
|
| 998 |
f |
f |
|a I 29.2:L 23/11/NO.7
|t 0
|l Available Online
|